000 00778nab a2200241 u 4500
001 13111
003 HDC
007 cr bn ---aaaaa
008 210212c my dr|nes 0 0eng
040 _aHDC
245 0 _aCrimson Resort & Spa Mactan is Crescent Rated
260 _a[no place] :
_b[publisher not identified],
_c[no year]
336 _atext
_2rdacontent
337 _acomputer
_2rdamedia
338 _aonline resource
_2rdacarrier
650 _aHalal food
_950
650 _aTourism
_9880
710 _aAsianTraveler Magazine
856 _zRequest full-text at [email protected]
942 _2lcc
942 _cNEWS
942 _kNWSO 002810
999 _c10427
_d10427